[Event "Isola di Capo Rizzuto op"]
[Site "Isola di Capo Rizzuto"]
[Date "2014.07.11"]
[Round "5"]
[White "Galardo, Emanuele"]
[Black "Grano, Giuseppe"]
[Result "1/2-1/2"]
[WhiteElo "1423"]
[BlackElo "1665"]
[PlyCount "118"]
[EventDate "2014.07.07"]
[EventType "swiss"]
[EventRounds "7"]
[EventCountry "ITA"]
[SourceTitle "EXT 2024"]
[Source "ChessBase"]
[SourceDate "2023.10.10"]
[SourceVersion "1"]
[SourceVersionDate "2023.10.10"]
[SourceQuality "1"]

1. e4 c5 2. f4 d6 3. Nf3 Nc6 4. Bb5 Bd7 5. d3 a6 6. Bc4 Na5 7. Nbd2 b5 8. Bb3 Nxb3 9. Nxb3 Nf6 10. Qe2 g6 11. e5 c4 12. dxc4 bxc4 13. exf6 cxb3 14. axb3 Bb5 15. c4 Bc6 16. fxe7 Bxe7 17. 0-0 0-0 18. Rd1 Qc7 19. Nd4 Bb7 20. f5 Bc8 21. fxg6 hxg6 22. Qe4 Bb7 23. Qg4 Qc8 24. Qxc8 Rfxc8 25. Be3 Re8 26. Kf1 Bf6 27. Bf2 Re4 28. Rd2 Rae8 29. Re1 Rxe1+ 30. Bxe1 Re4 31. Nf3 Re3 32. b4 Bxf3 33. gxf3 Be5 34. Kf2 Rb3 35. Rc2 Bxb2 36. c5 dxc5 37. bxc5 Be5 38. c6 Bd4+ 39. Kg2 Be5 40. Bg3 Bxg3 41. Kxg3 Rb8 42. c7 Rc8 43. Kf4 Kf8 44. Ke5 Ke7 45. h3 f6+ 46. Kd5 Kd7 47. Rc1 a5 48. Rc3 Ke7 49. Re3+ Kf7 50. Rc3 g5 51. Kd6 Ke8 52. Ke6 f5 53. Kxf5 Kd7 54. Rc5 Kd6 55. Rxa5 Rxc7 56. Kxg5 Rc3 57. f4 Rxh3 58. f5 Rf3 59. f6 Ke6 1/2-1/2

[Event "Isola di Capo Rizzuto op"]
[Site "Isola di Capo Rizzuto"]
[Date "2014.07.07"]
[Round "1"]
[White "Grillo, Gianluca"]
[Black "Grano, Giuseppe"]
[Result "0-1"]
[WhiteElo "1373"]
[BlackElo "1665"]
[PlyCount "118"]
[EventDate "2014.07.07"]
[EventType "swiss"]
[EventRounds "7"]
[EventCountry "ITA"]
[SourceTitle "EXT 2024"]
[Source "ChessBase"]
[SourceDate "2023.10.10"]
[SourceVersion "1"]
[SourceVersionDate "2023.10.10"]
[SourceQuality "1"]

1. d4 Nf6 2. Bf4 d5 3. e3 g6 4. Bd3 Bg7 5. Nd2 0-0 6. c3 a6 7. h3 Nbd7 8. Ne2 Re8 9. g4 e5 10. Bg5 e4 11. Bc2 c6 12. Ng3 Qb6 13. Bb3 Nf8 14. Bxf6 Bxf6 15. h4 Qd8 16. h5 Bh4 17. Qe2 Bxg3 18. fxg3 Qg5 19. 0-0-0 Bxg4 20. Qf2 Bxd1 21. Bxd1 Re6 22. Rf1 Re7 23. g4 Nd7 24. hxg6 hxg6 25. Rh1 Qf6 26. Qh2 Qg7 27. Qh4 Rae8 28. g5 c5 29. Nb3 cxd4 30. Nxd4 Ne5 31. Rh2 Nf3 32. Nxf3 exf3 33. Bxf3 Rxe3 34. Bxd5 Re1+ 35. Kd2 R1e7 36. Kd3 Rd8 37. c4 b5 38. b3 b4 39. Qd4 Qxd4+ 40. Kxd4 Kg7 41. Rh4 f6 42. gxf6+ Kxf6 43. Re4 g5 44. Rxe7 Kxe7 45. Ke5 Rf8 46. c5 Kd7 47. Be6+ Kc7 48. Kd5 Rf2 49. Kc4 Kc6 50. Kd4 Rf4+ 51. Ke3 Kxc5 52. Bc8 a5 53. Bd7 Kd6 54. Bc8 Ke5 55. Bd7 g4 56. Bc6 g3 57. Bb7 Rf2 58. Bc6 Kf5 59. Bb7 Kg5 0-1

[Event "Cutro op-B 15th"]
[Site "Cutro"]
[Date "2009.04.24"]
[Round "5"]
[White "Grano, Giuseppe"]
[Black "Violi, Vincenzo"]
[Result "1-0"]
[WhiteElo "1706"]
[BlackElo "1644"]
[PlyCount "79"]
[EventDate "2009.04.20"]
[EventType "swiss"]
[EventRounds "7"]
[EventCountry "ITA"]
[SourceTitle "EXT 2011"]
[Source "ChessBase"]
[SourceDate "2010.11.26"]
[SourceVersion "1"]
[SourceVersionDate "2010.11.26"]
[SourceQuality "1"]

1. d4 Nf6 2. Nf3 e6 3. Bg5 b6 4. Nbd2 Bb7 5. e3 Be7 6. Bd3 c5 7. c3 0-0 8. Qc2 h6 9. Bxf6 Bxf6 10. 0-0 d6 11. Rfe1 Nd7 12. Be4 Bxe4 13. Nxe4 d5 14. Ned2 Qc7 15. Rac1 Rac8 16. Qa4 cxd4 17. cxd4 Qb7 18. Rc3 Rxc3 19. bxc3 Rc8 20. Qb3 Qc6 21. Rc1 e5 22. c4 exd4 23. exd4 Qe6 24. Qd3 dxc4 25. Rxc4 Rxc4 26. Nxc4 Qd5 27. Qe3 Qe6 28. Qd3 Qd5 29. Qc3 Qc6 30. Qc2 Qd5 31. Ne3 Qb7 32. d5 Nc5 33. Qf5 Qd7 34. Qf4 Na6 35. d6 Bg5 36. Nxg5 hxg5 37. Qe5 f6 38. Qd5+ Kf8 39. Nf5 Qe8 40. Ne7 1-0

[Event "Cutro op-B 15th"]
[Site "Cutro"]
[Date "2009.04.22"]
[Round "3"]
[White "Grano, Giuseppe"]
[Black "Tricomi, Massimo"]
[Result "0-1"]
[WhiteElo "1706"]
[BlackElo "1882"]
[PlyCount "92"]
[EventDate "2009.04.20"]
[EventType "swiss"]
[EventRounds "7"]
[EventCountry "ITA"]
[SourceTitle "EXT 2011"]
[Source "ChessBase"]
[SourceDate "2010.11.26"]
[SourceVersion "1"]
[SourceVersionDate "2010.11.26"]
[SourceQuality "1"]

1. e4 Nf6 2. Nc3 d5 3. exd5 Nxd5 4. Nxd5 Qxd5 5. Nf3 Nc6 6. d4 Bg4 7. Be2 0-0-0 8. c3 e5 9. Be3 exd4 10. Bxd4 Nxd4 11. Qxd4 Bxf3 12. Bxf3 Qxd4 13. cxd4 Bb4+ 14. Kf1 Rxd4 15. a3 Bc5 16. g3 Rd2 17. Be2 Rxb2 18. f4 Re8 19. Re1 Kb8 20. h4 Bxa3 21. Bd3 Rxe1+ 22. Kxe1 h6 23. g4 Bb4+ 24. Kf1 a5 25. g5 a4 26. gxh6 gxh6 27. Be2 Rb1+ 28. Kg2 Rxh1 29. Kxh1 a3 30. Bc4 f5 31. Kg2 Bd2 32. Kf3 b5 33. Bb3 c5 34. Ke2 Bxf4 35. Kd1 Be3 36. h5 f4 37. Bd5 Kc7 38. Kc2 Kd6 39. Bg2 Ke5 40. Bf1 c4 41. Be2 Kd4 42. Bd1 b4 43. Kb1 Kc3 44. Be2 b3 45. Bxc4 Kxc4 46. Ka1 Bd4+ 0-1

[Event "Cutro op-B 14th"]
[Site "Cutro"]
[Date "2008.04.29"]
[Round "5"]
[White "Todic, Simo"]
[Black "Grano, Giuseppe"]
[Result "1-0"]
[WhiteElo "1748"]
[BlackElo "1733"]
[PlyCount "129"]
[EventDate "2008.04.25"]
[EventType "swiss"]
[EventRounds "7"]
[EventCountry "ITA"]
[SourceTitle "EXT 2009"]
[Source "ChessBase"]
[SourceDate "2008.11.26"]
[SourceVersion "1"]
[SourceVersionDate "2008.11.26"]
[SourceQuality "1"]

1. e4 c5 2. Nf3 d6 3. d4 cxd4 4. Nxd4 Nf6 5. Nc3 a6 6. Bg5 e5 7. Nb3 Be7 8. a4 Be6 9. Be2 Nc6 10. Bxf6 Bxf6 11. Nd5 Be7 12. 0-0 0-0 13. c3 Rc8 14. Nd2 f5 15. Nxe7+ Nxe7 16. Re1 Kh8 17. Qc2 Qb6 18. Rad1 Rf6 19. Bf3 f4 20. Qd3 Ng6 21. Nf1 Bc4 22. Qb1 Nh4 23. Nd2 Rg6 24. a5 Qd8 25. Kh1 Qg5 26. Rg1 Be6 27. Qd3 Qh6 28. g3 Nxf3 29. Nxf3 Bg4 30. Nxe5 Be6 31. Nxg6+ hxg6 32. Qxd6 Bg4 33. Qxf4 Qh5 34. Rd3 g5 35. Qe3 Rf8 36. Qd2 Bf3+ 37. Rxf3 Qxf3+ 38. Rg2 Qxe4 39. h3 Qe5 40. b4 Rc8 41. Rg1 Qe4+ 42. Kh2 g4 43. Re1 Qh7 44. h4 Qf5 45. Qd4 Rf8 46. Kg2 Qf3+ 47. Kg1 Rc8 48. Re7 Qxc3 49. Qxc3 Rxc3 50. Rxb7 Rc4 51. Rb6 Kh7 52. Kf1 Re4 53. Rxa6 Rxb4 54. Rb6 Re4 55. a6 Re8 56. a7 Ra8 57. Rb7 Kg6 58. Ke2 Kf6 59. Ke3 g5 60. h5 Re8+ 61. Kd3 Rd8+ 62. Ke2 Re8+ 63. Kf1 Ra8 64. h6 Kg6 65. h7 1-0

[Event "Cutro op-B 10th"]
[Site "Cutro"]
[Date "2004.04.30"]
[Round "6"]
[White "Grano, Giuseppe"]
[Black "Paragliola, Gennaro"]
[Result "1-0"]
[WhiteElo "1712"]
[BlackElo "1643"]
[PlyCount "91"]
[EventDate "2004.04.25"]
[EventType "swiss"]
[EventRounds "7"]
[EventCountry "ITA"]
[SourceTitle "EXT 2023"]
[Source "ChessBase"]
[SourceDate "2022.10.05"]
[SourceVersion "1"]
[SourceVersionDate "2022.10.05"]
[SourceQuality "1"]

1. Nf3 Nf6 2. d4 g6 3. c4 Bg7 4. Nc3 d6 5. e4 0-0 6. Bg5 c5 7. Qd2 cxd4 8. Nxd4 Nc6 9. Nf3 Ng4 10. h3 Nge5 11. Nxe5 Bxe5 12. Be2 f5 13. c5 Be6 14. cxd6 Qxd6 15. Qxd6 Bxd6 16. 0-0 Be5 17. Nd5 Rf7 18. Bc4 Bxd5 19. Bxd5 Rb8 20. Bxf7+ Kxf7 21. exf5 gxf5 22. Rab1 Nd4 23. Be3 Nc6 24. f4 Bf6 25. b4 Rc8 26. a4 Nd4 27. Bxd4 Bxd4+ 28. Kh1 Rc4 29. Rfc1 Bc3 30. Rb3 Rxb4 31. Rbxc3 Rxa4 32. Rc4 Ra2 33. Kg1 b5 34. Rb4 a6 35. Kf1 Ke6 36. Rc5 h6 37. g4 fxg4 38. hxg4 Kf6 39. g5+ hxg5 40. fxg5+ Kg6 41. Re5 Kf7 42. Rf4+ Kg6 43. Rh4 Rb2 44. Rh6+ Kf7 45. Rxa6 b4 46. Rae6 1-0

[Event "Cutro op-B 08th"]
[Site "Cutro"]
[Date "2002.04.26"]
[Round "3"]
[White "Grano, Giuseppe"]
[Black "Baffa, Pietro"]
[Result "1-0"]
[WhiteElo "1567"]
[BlackElo "1636"]
[PlyCount "61"]
[EventDate "2002.04.24"]
[EventType "swiss"]
[EventRounds "9"]
[EventCountry "ITA"]
[SourceTitle "EXT 2024"]
[Source "ChessBase"]
[SourceDate "2023.10.10"]
[SourceVersion "1"]
[SourceVersionDate "2023.10.10"]
[SourceQuality "1"]

1. Nf3 d5 2. d4 g6 3. e3 Bg7 4. Bd3 Nf6 5. 0-0 0-0 6. Nbd2 b6 7. c3 c5 8. Re1 c4 9. Bc2 Bb7 10. e4 dxe4 11. Nxe4 Bxe4 12. Bxe4 Nxe4 13. Rxe4 Re8 14. Qe2 Qc7 15. Bf4 Qb7 16. Re1 b5 17. Rxe7 Rxe7 18. Qxe7 Qxe7 19. Rxe7 Nc6 20. Rc7 Nd8 21. d5 a5 22. Ne5 f6 23. Nc6 Nf7 24. d6 Re8 25. Ne7+ Kf8 26. Kf1 f5 27. d7 Rxe7 28. Rc8+ Nd8 29. Rxd8+ Kf7 30. Rf8+ Bxf8 31. d8Q 1-0